<?xml version="1.0" encoding="UTF-8"?>
<record
    xmlns:xsi="http://www.w3.org/2001/XMLSchema-instance"
    xsi:schemaLocation="http://www.loc.gov/MARC21/slim http://www.loc.gov/standards/marcxml/schema/MARC21slim.xsd"
    xmlns="http://www.loc.gov/MARC21/slim">

  <leader>02045nam a22002897a 4500</leader>
  <controlfield tag="003">DO-SdBNP</controlfield>
  <controlfield tag="005">20220906084446.0</controlfield>
  <controlfield tag="008">171115b   2000|| |||| 00| 0 spa d</controlfield>
  <datafield tag="020" ind1=" " ind2=" ">
    <subfield code="a">9789701030844</subfield>
  </datafield>
  <datafield tag="040" ind1=" " ind2=" ">
    <subfield code="a">BPMSU</subfield>
    <subfield code="b">spa</subfield>
    <subfield code="c">BPMSU</subfield>
  </datafield>
  <datafield tag="082" ind1=" " ind2=" ">
    <subfield code="a">658.1145</subfield>
    <subfield code="b"> B555f</subfield>
    <subfield code="2">22</subfield>
  </datafield>
  <datafield tag="100" ind1="1" ind2=" ">
    <subfield code="a">Besley, Scott</subfield>
  </datafield>
  <datafield tag="245" ind1="1" ind2="0">
    <subfield code="a">Fundamentos de administraci&#xF3;n financiera /</subfield>
    <subfield code="c"> Scott Besley, Eugene F. Brigham ; traducci&#xF3;n Jaime G&#xF3;mez Mont.</subfield>
  </datafield>
  <datafield tag="250" ind1=" " ind2=" ">
    <subfield code="a">12a ed.</subfield>
  </datafield>
  <datafield tag="260" ind1=" " ind2=" ">
    <subfield code="a">M&#xE9;xico :</subfield>
    <subfield code="b">McGraw-Hill,</subfield>
    <subfield code="c">2000</subfield>
  </datafield>
  <datafield tag="300" ind1=" " ind2=" ">
    <subfield code="a">xxvi, 919 p. :</subfield>
    <subfield code="b">diagr. ;</subfield>
    <subfield code="c">26 cm.</subfield>
  </datafield>
  <datafield tag="500" ind1=" " ind2=" ">
    <subfield code="3">Incluye &#xED;ndice.</subfield>
  </datafield>
  <datafield tag="505" ind1="0" ind2=" ">
    <subfield code="a">INTRODUCCI&#xD3;N A LA ADMINISTRACI&#xD3;N FINANCIERA -Introducci&#xF3;n a la administraci&#xF3;n financiera CONCEPTOS B&#xC1;SICOS DE ADMINISTRACI&#xD3;N FINANCIERA -An&#xE1;lisis de estados financieros -Los mercados financieros y la banca de inversi&#xF3;n -Valor del dinero en el tiempo VALUACI&#xD3;N DE ACTIVOS FINANCIEROS -El costo del dinero (tasas de inter&#xE9;s) -Bonos (deuda) : caracter&#xED;sticas y valuaci&#xF3;n -Acciones (capital) : caracter&#xED;sticas y valuaci&#xF3;n -Riesgo y tasas de rendimiento VALUACI&#xD3;N DE ACTIVOS REALES (ELABORACI&#xD3;N DEL PRESUPUESTO DE CAPITAL) -T&#xE9;cnicas de elaboraci&#xF3;n del presupuesto de capital -Fijos de efectivo y riesgo de los proyectos COSTO DE CAPITAL, APALANCAMIENTO Y POL&#xCD;TICA DE DIVIDENDOS -El costo de capital -Estructura de capital -Pol&#xED;tica de dividendos ADMINISTRACI&#xD3;N DEL CAPITAL DE TRABAJO -Pol&#xED;tica del capital de trabajo -Administraci&#xF3;n de los activos a corto plazo -Administraci&#xF3;n de los pasivos (financiamiento) a corto plazo PLANEACI&#xD3;N ESTRAT&#xC9;GICA Y DECISIONES DE FINANCIAMIENTO -Planeaci&#xF3;n y control financieros -Acuerdos de financiamiento alternativos y re-estructuraci&#xF3;n corporativa</subfield>
  </datafield>
  <datafield tag="534" ind1=" " ind2=" ">
    <subfield code="a">T&#xED;tulo original. </subfield>
    <subfield code="t">Essentials of managerial finance.</subfield>
  </datafield>
  <datafield tag="590" ind1=" " ind2=" ">
    <subfield code="6">intenvatariado, 2022/VM</subfield>
  </datafield>
  <datafield tag="650" ind1=" " ind2="4">
    <subfield code="a">Administraci&#xF3;n financiera.</subfield>
  </datafield>
  <datafield tag="700" ind1="1" ind2=" ">
    <subfield code="a">Brigham, Eugene F.</subfield>
    <subfield code="d">1930-</subfield>
  </datafield>
  <datafield tag="700" ind1="1" ind2=" ">
    <subfield code="a">G&#xF3;mez Mont Araiza, Jaime,  </subfield>
    <subfield code="e">tr.</subfield>
  </datafield>
  <datafield tag="942" ind1=" " ind2=" ">
    <subfield code="2">ddc</subfield>
    <subfield code="c">BK</subfield>
  </datafield>
  <datafield tag="945" ind1=" " ind2=" ">
    <subfield code="a">inventariado extranjero / DG</subfield>
  </datafield>
  <datafield tag="952" ind1=" " ind2=" ">
    <subfield code="0">0</subfield>
    <subfield code="1">0</subfield>
    <subfield code="2">ddc</subfield>
    <subfield code="4">0</subfield>
    <subfield code="7">0</subfield>
    <subfield code="8">CG</subfield>
    <subfield code="a">BPMET</subfield>
    <subfield code="b">BPMET</subfield>
    <subfield code="d">2017-11-15</subfield>
    <subfield code="e">Diego Mont&#xE1;s</subfield>
    <subfield code="o"> BPMSU CG 658.114 B555f 2000</subfield>
    <subfield code="p">BPMSU17110187</subfield>
    <subfield code="r">2017-11-15</subfield>
    <subfield code="w">2017-11-15</subfield>
    <subfield code="y">BK</subfield>
  </datafield>
  <datafield tag="956" ind1=" " ind2=" ">
    <subfield code="a">BTAVAREZ</subfield>
    <subfield code="b">10</subfield>
    <subfield code="c">20171115</subfield>
    <subfield code="d">0038</subfield>
  </datafield>
  <datafield tag="999" ind1=" " ind2=" ">
    <subfield code="c">12881</subfield>
    <subfield code="d">12881</subfield>
  </datafield>
</record>
